000 00681nam a2200277Ia 4500
005 20260324122023.0
008 008 260324s9999 xx 000 0 eng d
020 _a9780203114841
037 _aEBOOK
040 _aCRL
040 _beng
040 _cCRL
041 _2eng
041 _aeng
084 _qCRL
100 _aJames J. Murphy; Richard A. Katula; Michael Hoppmann
_91164798
245 2 _aA Synoptic History of Classical Rhetoric
260 _bTaylor and Francis
260 _c2013
365 _a
365 _b255
856 _uhttp://www.taylorfrancis.com/books/9780203114841
942 _cEBOOK
999 _c1757239
_d1757239